PRIMA DELLA PIOGGIA (Record n. 104638)

Dettagli MARC
000 -LEADER
fixed length control field 01623agaaa2200337 4500
001 - CONTROL NUMBER
control field 3177
003 - CONTROL NUMBER IDENTIFIER
control field IT-RoPAU
005 - DATE AND TIME OF LATEST TRANSACTION
control field 20220918181223.0
007 - PHYSICAL DESCRIPTION FIXED FIELD--GENERAL INFORMATION
fixed length control field d cvaizq
008 - FIXED-LENGTH DATA ELEMENTS--GENERAL INFORMATION
fixed length control field 50131s9999||||xx ||| | || ||und||
040 ## - CATALOGING SOURCE
Original cataloging agency IT-RoPAU
Transcribing agency IT-RoPAU
041 ## - LANGUAGE CODE
Language code of text/sound track or separate title ITALIANO
100 ## - MAIN ENTRY--PERSONAL NAME
Personal name Manchevski Milcho
Miscellaneous information Codice regista SPICS: 44443
9 (RLIN) 36829
130 ## - MAIN ENTRY--UNIFORM TITLE
Uniform title PRIMA DELLA PIOGGIA
9 (RLIN) 36830
240 ## - UNIFORM TITLE
Uniform title BEFORE THE RAIN
Miscellaneous information T2907
245 ## - TITLE STATEMENT
Title PRIMA DELLA PIOGGIA
Statement of responsibility, etc. Diretto da: Manchevski Milcho
Name of part/section of a work PRIMA DELLA PIOGGIA (Rif. Codice opera principale : D3177)
246 ## - VARYING FORM OF TITLE
Title proper/short title BEFORE THE RAIN
250 ## - EDITION STATEMENT
Edition statement Edizione Standard
260 ## - PUBLICATION, DISTRIBUTION, ETC. (IMPRINT)
Place of publication, distribution, etc. MILANO (ITALIA)
Name of publisher, distributor, etc. AUDIOVISIVI SAN PAOLO / Distribuzione: SAN PAOLO
Date of manufacture "1995 (1° ed.: 1995 ; Ed. Lingua Orig.: 1995)"
300 ## - PHYSICAL DESCRIPTION
Extent VHS
Other physical details sonoro, col.
Dimensions 120 minuti
508 ## - CREATION/PRODUCTION CREDITS NOTE
Creation/production credits note "Fotografia: Teran Manuel; Musica: Anastasia ; "
511 ## - PARTICIPANT OR PERFORMER NOTE
Participant or performer note "Cartlidge Katrin; Serbedzija Rade; Colin Gregoire; Mitevska Labina"
520 ## - SUMMARY, ETC.
Summary, etc. SILENZIO MONACALE OPPOSTO AL CREPITARE DELLE MITRAGLIATRICI. LA MACEDONIA ANTICA E RICCA DI STORIA CHE SI SCONTRA CON LA LONDRA MODERNA E CONSUMISTICA: UN FOTOGRAFO SPECCHIO E FILTRO DELLA REALTA' IN CONTRAPPOSIZIONE ALL'INESORABILE CRUDEZZA DELLA VITA. GUERRA. FILM DRAMMATICO A COLORI.
538 ## - SYSTEM DETAILS NOTE
System details note PAL, STEREO
546 ## - LANGUAGE NOTE
Language note ITALIANO
650 ## - SUBJECT ADDED ENTRY--TOPICAL TERM
Topical term or geographic name as entry element DRAMMATICO
Relator term FILMS [VHS]
General subdivision Codice MATERIA SPICS: 9960
9 (RLIN) 34083
700 ## - ADDED ENTRY--PERSONAL NAME
Personal name Anastasia
Relator term (musica)
Miscellaneous information Codice Musica SPICS: 43478
9 (RLIN) 36831
700 ## - ADDED ENTRY--PERSONAL NAME
Personal name Manchevski Milcho
Relator term (regista)
Miscellaneous information Codice regista SPICS: 44443
9 (RLIN) 36832
700 ## - ADDED ENTRY--PERSONAL NAME
Personal name Manchevski Milcho
Relator term (soggetto)
Miscellaneous information Codice Soggetto SPICS: 44443
9 (RLIN) 36833
942 ## - ADDED ENTRY ELEMENTS (KOHA)
Koha item type VHS - VIDEO
Source of classification or shelving scheme Dewey Decimal Classification
Dati di copia
Withdrawn status Lost status Damaged status Not for loan Home library Current library Date acquired Total Checkouts Full call number Date last seen Price effective from Koha item type Public note
    Buone Condizioni Not For Loan SPICS-MEDIATECA SPICS-MEDIATECA 31/01/2015   D3177 31/01/2015 31/01/2015 VHS - VIDEO Progr. Ins.: 555 / N.Vol.:1 / Copie: 1 / Pag.:0 / Copia rara: n.d. / date import: 1.2.2015 / By Epidotti, Trombetti, Vaglietti
CREDITS: SOCIETA' SAN PAOLO Via A.Severo, 58 - ROMA (RM) & PERIODICI SAN PAOLO SRL Via Giotto, 36 MILANO & CISF Via Giotto, 36 MILANO & EDIZIONI SAN PAOLO SRL,  Piazza Soncino, 5 CINISELLO BALSAMO (MI) -- ITALY